| 000 | 00482nam a22001697a 4500 | ||
|---|---|---|---|
| 003 | BD-ChCU | ||
| 005 | 20251211120926.0 | ||
| 008 | 251211b bg ||||| |||| 00| 0 ben d | ||
| 040 | _cBD-ChCU | ||
| 082 | _aREF 760.3 STG | ||
| 100 |
_aStevenson , George A. _918055 |
||
| 245 |
_aGraphic arts encyclopedia ./ _cA George , Stevenson . |
||
| 260 |
_aNew York : _bMcgraw - hill , _cC 1968 |
||
| 300 | _axv , 492p | ||
| 650 | 0 |
_aPrinting - Style Manuals . _918056 |
|
| 942 |
_2ddc _cBK _n0 |
||
| 999 |
_c110398 _d110398 |
||